Fiestas y ceremonias tradicionales p'urhépecha (Record no. 37704)
[ view plain ]
| 000 -LEADER | |
|---|---|
| fixed length control field | 00752nam a22001937a 4500 |
| 005 - DATE AND TIME OF LATEST TRANSACTION | |
| control field | 20190405130347.0 |
| 008 - FIXED-LENGTH DATA ELEMENTS--GENERAL INFORMATION | |
| fixed length control field | 130528t mx ||||| |||| 00| 0 spa d |
| 020 ## - INTERNATIONAL STANDARD BOOK NUMBER | |
| International Standard Book Number | 9709978179 |
| 050 04 - LIBRARY OF CONGRESS CALL NUMBER | |
| Classification number | F1219.3.F6 |
| Item number | O44 2006 |
| 100 1# - MAIN ENTRY--PERSONAL NAME | |
| Personal name | Ojeda Dávila, Lorena. |
| 245 10 - TITLE STATEMENT | |
| Title | Fiestas y ceremonias tradicionales p'urhépecha |
| Statement of responsibility, etc | / Lorena Ojeda Dávila. |
| 250 ## - EDITION STATEMENT | |
| Edition statement | 1a. ed. |
| 260 ## - PUBLICATION, DISTRIBUTION, ETC. (IMPRINT) | |
| Place of publication, distribution, etc | Morelia, Michoacán de Ocampo, México : |
| Name of publisher, distributor, etc | Gobierno del Estado de Michoacán, Secretaría de Cultura, |
| Date of publication, distribution, etc | 2006 |
| 300 ## - PHYSICAL DESCRIPTION | |
| Extent | 314 p. : |
| Other physical details | il. ; |
| Dimensions | 33 cm. |
| 504 ## - BIBLIOGRAPHY, ETC. NOTE | |
| Bibliography, etc | Bibliografía : (p.309-3149 e índice |
| 650 #7 - SUBJECT ADDED ENTRY--TOPICAL TERM | |
| Source of heading or term | lemb |
| Topical term or geographic name as entry element | Flolkor |
| General subdivision | Tarascos |
| Geographic subdivision | Michoacán de Ocampo |
| -- | México |
| 650 #7 - SUBJECT ADDED ENTRY--TOPICAL TERM | |
| Source of heading or term | lemb |
| Topical term or geographic name as entry element | Ritos y ceremonias |
| General subdivision | Tarascos |
| Geographic subdivision | Michoacán de Ocampo |
| -- | México |
| 650 #7 - SUBJECT ADDED ENTRY--TOPICAL TERM | |
| Source of heading or term | lemb |
| Topical term or geographic name as entry element | Indígenas de México |
| General subdivision | Vida social y costumbres |
| Geographic subdivision | Michoacán de Ocampo |
| 942 ## - ADDED ENTRY ELEMENTS (KOHA) | |
| Source of classification or shelving scheme | Biblioteca del Cogreso de los Estados Unidos |
| Koha item type | Libro |
| Estado de pérdida | Fuente de clasificación | Estado del daño | No para préstamo | Ubicación permanente | Ubicación actual | Apartado o colección | Fecha de adquisición | Edición | Dependencia de educación superior (DES) | Área del conocimiento | Clasificación | Código de Barras | Date last seen | Número de copia | Tipo de recurso | Nota pública |
|---|---|---|---|---|---|---|---|---|---|---|---|---|---|---|---|---|
| Biblioteca del Cogreso de los Estados Unidos | Biblioteca del Instituto de Investigaciones Históricas | Biblioteca del Instituto de Investigaciones Históricas | Fondo Michoacán | 28/05/2013 | 1a ed. | Humanidades | Ciencias Sociales y Administrativas | F1219 .3 .F6 O44 2006 | IIH000009713 | 28/05/2013 | C:1 | Libro | MICHOACÁN | |||
| Biblioteca del Cogreso de los Estados Unidos | Biblioteca del Instituto de Investigaciones Históricas | Biblioteca del Instituto de Investigaciones Históricas | Fondo Michoacán | 05/04/2019 | Ciencias Sociales y Administrativas | F1219 .3 .F6 O44 2006 | IIH000008424 | 05/04/2019 | C:2 | Libro | GENERAL |